| 000 | 00697nam a22001937a 4500 | ||
|---|---|---|---|
| 005 | 20140523120432.0 | ||
| 010 | _aB-521595-601 | ||
| 020 |
_a9781740896481 _c895.00 |
||
| 035 | _aB-521595-601 | ||
| 037 |
_adpl _bBlueberry/Ven |
||
| 082 | _a611 | ||
| 100 | _aMcMillan, Beverly | ||
| 245 |
_aThe illustrated Atlas of the Human Body/ _cby Beverly McMillan |
||
| 260 |
_aAustralia _bWeldon Owen Pty Ltd. _c2012 |
||
| 270 |
_a59-61 Victoria Street, McMahons Point Sydney NSW 2060 _bAustralia |
||
| 300 |
_a288p.: _bcol.ill. _c32cm(Hb) |
||
| 942 |
_2ddc _cCH _h611 _mMCM |
||
| 999 |
_c84512 _d84512 |
||